000 01097nam a2200325 c 4500
999 _c161645
_d161645
003 BLK
005 20220715091138.0
008 180410b bul|||||r ||||||| ||bul||
010 _aKNG00168974000
040 _aBLK
041 _aBUL
_cBUL
072 7 _2bullib
_aЯ
_xАвтографи
072 7 _2bullib
_aК
_xКраезнание
080 _aБългарска литература
_b821.163.2
_x-1
_z821.163.2-1
100 1 _aКоларов, Иван Стоянов
_eпърви автор
_9372482
139 _aКоларов, Иван Стоянов
_bК 77
245 1 0 _aПлаване към извора
_bСтихове
_cИван Стоянов Коларов.
257 _aBGR
260 _bДърж. воен. изд.
_c1973
_aВарна
300 _a103 с.
_c20 см
380 _aX
500 _a1 100 тир.
659 _aК
659 _aЯ
852 _aЦб 66614
852 _aК 821.163.2/К 77 И
856 4 _qpdf
856 4 _qpdf
942 _cKNG
_n0
_s1
944 _aCR
_c18.12.2014
_l18.12.2014 - от С1,Р / 18.12.2014
_kНора_Радева
944 _aED
_c18.12.2014
_l18.12.2014 - от С1,Р / 18.12.2014
999 _d161645
999 _d161645